Quizzes
Events
Quiz Creation
Community
Videos
Private Events
Remove Ads
Sign In
Join for FREE
Feedback
Dark Mode
Quiz Categories
Sports
Geography
Music
Movies
Television
Just For Fun
Miscellaneous
History
Literature
Language
Science
Gaming
Entertainment
Religion
Holiday
For Kids
Quiz Lab
Recent
Popular Today
Quiz Kudos Today
Editor Picks
Curator Picks
Quizzes by...
Day
Popularity
Type
Ratings
Length
Year
Community
Subscriptions
Recent Discussions
Orange Saloon
Badges
Playlists
Quests
Create
Leaderboards
Showdown
Live 5
Trivia Bingo
Activity
Puzzle Library
Sporcle Events
Private Events
Virtual Trivia
Globe League
Become a Host
Pub Owners
SporcleCon
Opinionation
Our Games
Videos
Blog
Mobile Apps
Partnerships
Remove Ads and Go Orange
Feedback
Sports
Athletes
MLB
NBA
NHL
NFL
Soccer
Sports Teams
WWE
NCAA
Football
Premier League
Basketball
Baseball
Hockey
Golf
Tennis
Cricket
Rugby
Auto Racing
Olympics
World Cup
Sports
Athletes
MLB
NBA
NHL
NFL
Soccer
Sports Teams
WWE
NCAA
Football
Premier League
Basketball
Baseball
Hockey
Golf
Tennis
Cricket
Rugby
Auto Racing
Olympics
World Cup
Random Quiz
Search Sporcle
×
Quiz Lab
Quiz Lab
Sports
NBA
Click on answers out of a set of options
Click on answers out of a set of options
Multiple Choice
Best Score? Go Orange.
NBA Guarenteed Non-100% Stats
Extremely Hard NBA Quiz only for Die Hard Fans
By
EastSideKemp
15m
20 Questions
68 Plays
68 Plays
68 Plays
Comments
Comments
Give Quiz Kudos
Give Quiz Kudos
-
- Ratings
hide this ad
More Info
Forced Order
Questions have to be entered in order without skipping
Questions have to be entered in order without skipping
Random Order
Randomize order of answers
Randomize order of answers
Replay
Link that replays current quiz
Next Quiz
Link to next quiz in quiz playlist
You Got
0%
They Got
Avg Score
39%
Avg Friend Score
Upgrade to see
Score Distribution
Jump to the score distribution portion of the page
Score
0/20
Timer
15:00
0
Plays Today
Question
Answer
Wrong Answers
Which Franchise has the 3rd most championships
???
69.1%
???
2.9%
???
20.6%
???
0%
What draft pick was James Harden
???
61.8%
???
4.4%
???
4.4%
???
25%
How Many rings does Matt Bonner have
???
58.8%
???
2.9%
???
16.2%
???
14.7%
What is Michael Jordan's Mother's Name
???
52.9%
???
26.5%
???
2.9%
???
13.2%
Who was the 1973 MVP
???
52.9%
???
29.4%
???
7.4%
???
5.9%
Who is the heaviest NBA player ever
???
48.5%
???
26.5%
???
5.9%
???
11.8%
Who did the Celtics beat in the 1957 Finals
???
48.5%
???
17.6%
???
19.1%
???
8.8%
Who has the best career FT%
???
47.1%
???
14.7%
???
5.9%
???
26.5%
How many times has a quadruple double been achieved.
???
47.1%
???
27.9%
???
11.8%
???
5.9%
How many Franchises have never made it to the NBA Finals
???
42.6%
???
8.8%
???
17.6%
???
23.5%
Which of these players was not on the roster for the 2000-2001 Toronto Raptors
???
38.2%
???
27.9%
???
7.4%
???
22.1%
What is the highest amount of franchises a single player has played for
???
33.8%
???
19.1%
???
20.6%
???
20.6%
How long was Penny Hardaway's Career
???
30.9%
???
7.4%
???
48.5%
???
5.9%
What season did Julius Erving average 24.4 PPG
???
30.9%
???
16.2%
???
30.9%
???
16.2%
How many career assists does Jason Kidd Have
???
30.9%
???
25%
???
25%
???
14.7%
How many times have the Lakers lost the NBA Finals
???
27.9%
???
7.4%
???
41.2%
???
19.1%
What Year was Nate 'Tiny' Archibald inducted into the Hall Of Fame
???
26.5%
???
11.8%
???
36.8%
???
19.1%
How many blocks did Tim Duncan Get in the 1st Game of the 1999 Conference Finals
???
17.6%
???
20.6%
???
7.4%
???
50%
Who is the lightest NBA player ever.
???
17.6%
???
8.8%
???
22.1%
???
47.1%
What town is Larry Bird's Birthplace
???
14.7%
???
41.2%
???
8.8%
???
30.9%
Quiz Playlist
Details
Report
Send in Message
Add To Playlist
More Info:
Made for KOT4Q and Korezemba
Multiple Choice:
Click on answers out of a set of options
Forced Order:
Questions have to be entered in order without skipping
Random Order:
Randomize order of answers
Last Updated: Jun 28, 2017
Quiz Scoreboard
CHALLENGE
Sign Up to Join the Scoreboard
Show All
Scores
Hide
Comments
May contain spoilers
Recently Published
College Basketball Coaching Resumes
by pancakes188
Sports
9m
Billboard Blitz: Fleetwood Mac
by CooCooCachoo
Music
15s
Presidents Visiting Landmarks
by Hejman
History
7m
More to Explore
Quiz From the Vault
Featured Blog Post
Where Did the Easter Bunny Come From?
hide this ad
You Might Also Like...
Tags
NBA Quiz
100
Today's Top Quizzes in Sports
Browse Sports
hide this ad
Today's Top Quizzes in NBA
Browse NBA
Top Contributed Quizzes in Sports
1
2022 World Cup Stars
2
Les meilleurs buteurs des matchs entre le PSG et l’OM
3
FIFA Club World Cup Champions
4
Les entraîneurs de l'OM et du PSG au 21e siècle
5
Criteria MLB: Left Handed Sluggers
6
AFC Teams Reveal (Wrong Answers Minefield)
7
5-to-1: UK Sports Teams
8
5-to-1: FBS Animal Nicknames
9
2023 MLB Unique Player Accomplishments
10
Name the Premier League winners with different clubs
Explore More
Trending Topics
Crossword
Marvel
Kpop
Disney
Harry Potter
Anime
NBA
WWE
Pokémon
Soccer
Puzzle
Song
The Office
NFL
Country
hide this ad
More By:
EastSideKemp
Quiz
Plays
Rating
Category
Featured
Created
NBA Guarenteed Non-100%
68
1.00
Sports
Jun 28, 2017
Go to Creator's Profile
Score Distribution
Quiz Creator Spotlight
EastSideKemp
Follow
Send a Message
Quizzes Created
-
Created Quiz Play Count
-
More By This Creator
Popular Quizzes Today
1
Find the US States - No Outlines Minefield
2
Find the Countries of Europe - No Outlines Minefield
3
The Countries of the World
4
Find the US States
5
Risky Map Clicking: Biggest States A-Z
6
US States
7
Popular People in 1961
8
Movies - When Are They Set?
More Sports Quizzes
Top Scoring All-Time World Cup Teams
Published
Trending Quizzes
Risky Map Clicking: Least Populous States A-Z
1-10 Letter G Words
1-10 Letter F Words
Risky Map Clicking: Next State Alphabetically
Risky Map Clicking: Biggest States A-Z
Recently Updated
Leaping Animals
pecheneg
Reality TV Shows (A-Z)
bhenderson79
Rickey Henderson's Hall of Fame Teammates
pecheneg
Champions League XIs: Arsenal
pecheneg
Quick Pick: Celebrities in WWE's Hall of Fame
aduchscher
A-Z Keypad Blitz II
pecheneg
Multiple Oscar Actors
pecheneg
Mystery Phrase Blitz: Oscar 'Best Actors'
pecheneg
F. Scott Fitzgerald Novels
LTH
Pick 3 Villains
ddd62291
Trending Topics
Crossword
NBA
Marvel
Kpop
Anime
Disney
Harry Potter
Soccer
Puzzle
The Office
Song
Pokémon
Country
NFL
WWE
Your Account Isn't Verified!
In order to create a playlist on Sporcle, you need to verify the email address you used during registration. Go to your
Sporcle Settings
to finish the process.
Report this User
Report this user for behavior that violates our
Community Guidelines
.
Details:
Send Report
Go to the Sporcle.com Mobile Site →
Comments